| 000 | 00907nam2a22002411 4500 | ||
|---|---|---|---|
| 001 | RU\NLR\IC11\ROSSICA\1000005713 | ||
| 005 | 20250613184700.0 | ||
| 035 | _a(NLR Aleph) 009871029 | ||
| 090 |
_a10424311 _c10424311 |
||
| 100 | _a20040421d1926 |||y0rusy50 ca | ||
| 101 | 0 | _ager | |
| 102 | _aRU | ||
| 105 | _ay ||||000ay | ||
| 200 | 0 | _aT.2 | |
| 210 |
_d1926 _aБ. м. |
||
| 461 | 0 |
_1001RU\NLR\INFOCOMM18\ROSSICA\1000011098 _12001#$aVerbrüderung$eLehrbuch der deutschen Sprache für Kinder$eNach Glaser -u. Petzold-Methode$fKelen-Fried, Jolan$vT.2 _1700#1$aKelen-Fried$bJ.$gJolan$4070 _910565647 _aKelen-Fried, J. _cМ. _d1926 _fKelen-Fried, Jolan _oLehrbuch der deutschen Sprache für Kinder : Nach Glaser -u. Petzold-Methode _tVerbrüderung _vT.2 |
|
| 801 | 1 |
_aRU _bInfoComm _c20040421 |
|
| 801 | 0 |
_aRU _bNLR _gPSBO |
|
| 852 |
_aNLR _j26.21.7.37 |
||
| 942 | _cBOOK | ||
| 980 | _aNB | ||
| 980 | _aRossica | ||